[Event "37th Sri Lanka National Chess "]
[Site "www.cfslonline.info"]
[Date "2011.09.26"]
[Round "13.1"]
[White "Koggala, WSVK."]
[Black "Weerawardana, R."]
[Result "1/2-1/2"]
[WhiteElo "2027"]
[BlackElo "2165"]
[PlyCount "61"]
[EventDate "2011.09.17"]

1. d4 d5 2. c4 c6 3. cxd5 cxd5 4. Nc3 Nc6 5. Nf3 Nf6 6. Bf4 Bf5 7. e3 e6 8. Bd3
Bxd3 9. Qxd3 Bd6 10. Bxd6 Qxd6 11. h3 h6 12. O-O O-O 13. Rfc1 Rfc8 14. Ne2 Ne7
15. Rxc8+ Rxc8 16. Rc1 Rxc1+ 17. Nxc1 Nd7 18. Qc3 Qc6 19. Qxc6 Nxc6 20. Nd3 Kf8
21. Kf1 Ke7 22. Ke2 Kd6 23. a3 a6 24. h4 h5 25. g3 g6 26. Nd2 b6 27. Nc1 Na5
28. Kd3 Nc6 29. Ne2 Ne7 30. b3 Nc6 31. Nc3 1/2-1/2

[Event "37th Sri Lanka National Chess "]
[Site "www.cfslonline.info"]
[Date "2011.09.26"]
[Round "13.2"]
[White "Dissanayake, RS."]
[Black "Perera, WCC."]
[Result "1/2-1/2"]
[WhiteElo "1994"]
[BlackElo "2109"]
[PlyCount "42"]
[EventDate "2011.09.17"]

1. e4 c5 2. Nc3 Nc6 3. g3 e6 4. Bg2 Nge7 5. d3 d5 6. f4 g6 7. Nf3 Bg7 8. O-O
O-O 9. Nh4 Rb8 10. Ne2 b5 11. Kh1 b4 12. f5 dxe4 13. dxe4 Ba6 14. Bf3 Qxd1 15.
Rxd1 Rfd8 16. Re1 Nd4 17. Nxd4 Bxd4 18. Ng2 Rbc8 19. Rb1 Rb8 20. Ra1 Rbc8 21.
Rb1 Rb8 1/2-1/2

[Event "37th Sri Lanka National Chess "]
[Site "www.cfslonline.info"]
[Date "2011.09.26"]
[Round "13.3"]
[White "Anuruddha, GC."]
[Black "Alahakoon, AMCB."]
[Result "1-0"]
[WhiteElo "2139"]
[BlackElo "1883"]
[PlyCount "123"]
[EventDate "2011.09.17"]

1. d4 d5 2. Nf3 Nf6 3. e3 Bf5 4. Bd3 Bxd3 5. Qxd3 a6 6. O-O e6 7. Nbd2 c5 8. b3
Nc6 9. a3 Bd6 10. Bb2 cxd4 11. exd4 O-O 12. g3 Re8 13. Rfe1 Qc7 14. c4 Qb8 15.
Rac1 Qd8 16. Re2 Rc8 17. c5 Bb8 18. b4 Rc7 19. Ne5 Nxe5 20. dxe5 Nd7 21. Nb3
Qg5 22. f4 Qh5 23. Nd4 Nf8 24. Kg2 Ba7 25. Rec2 Ng6 26. Qf3 Qxf3+ 27. Kxf3 Rec8
28. a4 Ne7 29. Ke3 b6 30. cxb6 Rxc2 31. Rxc2 Rxc2 32. Nxc2 Bxb6+ 33. Bd4 Nf5+
34. Kd3 Nxd4 35. Nxd4 Kf8 36. h3 Ke8 37. g4 Kd7 38. h4 f6 39. Nf3 Bc7 40. Kd4
Bb6+ 41. Kd3 Bf2 42. g5 fxe5 43. Nxe5+ Kd6 44. h5 Bg3 45. Ke3 Be1 46. Nd3 Bc3
47. Kf3 Bd2 48. Ke2 Bc3 49. Ke3 Kc6 50. Nc5 a5 51. Nxe6 axb4 52. Kd3 Kb6 53. f5
h6 54. Nd4 Ka5 55. f6 gxf6 56. gxf6 Bxd4 57. Kxd4 b3 58. Kc3 Kxa4 59. f7 d4+
60. Kb2 d3 61. f8=Q d2 62. Qa8+ 1-0

[Event "37th Sri Lanka National Chess "]
[Site "www.cfslonline.info"]
[Date "2011.09.26"]
[Round "13.5"]
[White "Wijekoon, Chandana"]
[Black "Lamawansa, Yasas"]
[Result "1/2-1/2"]
[WhiteElo "1993"]
[BlackElo "1902"]
[PlyCount "94"]
[EventDate "2011.09.17"]

1. Nf3 Nf6 2. c4 g6 3. d4 Bg7 4. Nc3 d6 5. Bf4 O-O 6. h3 Nbd7 7. e3 c6 8. Be2
Qe8 9. O-O e5 10. Bh2 Qe7 11. b4 Ne8 12. Qb3 Kh8 13. Rfd1 f5 14. c5 dxc5 15.
bxc5 g5 16. Bc4 e4 17. Nd2 b5 18. Nxb5 cxb5 19. Bd5 Nxc5 20. Qb4 Bb7 21. Bxb7
Qxb7 22. Qxc5 Rc8 23. Qb4 Nf6 24. Rab1 Nd5 25. Qb2 Nc3 26. Nb3 Nxd1 27. Rxd1
Qd5 28. Qa3 f4 29. Nc5 fxe3 30. fxe3 Qf5 31. Bg3 h5 32. Qb3 h4 33. Bh2 Qf2+ 34.
Kh1 Qe2 35. Rg1 Qc4 36. Qd1 Qf7 37. Nxe4 Qg6 38. Qg4 Rce8 39. Nxg5 Rxe3 40.
Qxh4+ Kg8 41. Nf3 Re4 42. Qg3 Qxg3 43. Bxg3 Bxd4 44. Rd1 Bf6 45. Rd5 a6 46. h4
Rd8 47. Rf5 Be7 {poor recording} 1/2-1/2

[Event "37th Sri Lanka National Chess "]
[Site "www.cfslonline.info"]
[Date "2011.09.26"]
[Round "13.6"]
[White "Jayasundara, PKUM."]
[Black "Senanayake, PD."]
[Result "0-1"]
[WhiteElo "1980"]
[BlackElo "1833"]
[PlyCount "35"]
[EventDate "2011.09.17"]

1. e4 d5 2. exd5 Qxd5 3. Nc3 Qa5 4. Bc4 Nf6 5. Nf3 Bg4 6. d4 e6 7. Qe2 Nc6 8.
Bb5 Bb4 9. Bd2 O-O 10. Bxc6 bxc6 11. O-O Qh5 12. Ne4 Nxe4 13. Bxb4 Nd6 14. b3
Rfd8 15. c3 Nf5 16. h3 Bxf3 17. Qxf3 Qxf3 18. gxf3 {poor recording} 0-1

[Event "37th Sri Lanka National Chess "]
[Site "www.cfslonline.info"]
[Date "2011.09.26"]
[Round "13.7"]
[White "Kurukulasuriya, Prasanna"]
[Black "Bhagya, Viman"]
[Result "1-0"]
[WhiteElo "2084"]
[BlackElo "2037"]
[PlyCount "63"]
[EventDate "2011.09.17"]

1. e4 c6 2. d4 d5 3. exd5 cxd5 4. Bd3 Nc6 5. c3 Qc7 6. Nf3 Bg4 7. Nbd2 e6 8.
Nf1 Bd6 9. Ng3 Nf6 10. h3 Bxg3 11. hxg4 Nxg4 12. fxg3 Qxg3+ 13. Kd2 Qxg2+ 14.
Be2 h5 15. Rg1 Qf2 16. Qf1 Qxf1 17. Bxf1 Ke7 18. Ke2 Rag8 19. Bh3 f5 20. Bg5+
Kf7 21. Raf1 Kg6 22. Bf4 Re8 23. Kd2 Kf6 24. Rg2 Nd8 25. Bg5+ Kf7 26. Re2 Nc6
27. Bf4 Nd8 28. Bg5 Nc6 29. Bh4 Rh6 30. Ng5+ Kg8 31. Rxf5 Nf6 32. Rf1 1-0